| 000 | 01188cam a22003497a 4500 | ||
|---|---|---|---|
| 003 | CHAP | ||
| 005 | 20220329141307.0 | ||
| 008 | 971010s1979 r 00010 d | ||
| 010 | _a65939 | ||
| 011 | _a66911 | ||
| 035 | _a75896 | ||
| 040 | _cCHAP | ||
| 090 | _aTesis | ||
| 100 | 0 | 0 |
_aRamos García, Héctor M. _994417 |
| 245 | 1 | 3 | _aEl movimiento campesino en la Sierra Norte de Puebla y Sierra Central de Veracruz |
| 260 |
_aChapingo, Méx. : _bEl autor, _c1979 |
||
| 300 |
_a125 h. _b; gráfs. |
||
| 502 | _aTesis (Ing. Agr. Esp. en Sociología Rural) -- UACH. Departamento de Sociología Rural | ||
| 590 |
_aALEPH _b10 _c20130110 _lUCH01 _h1359 |
||
| 590 |
_aBATCH-UPD _b10 _c20130110 _lUCH01 _h0829 |
||
| 590 |
_aBATCH-UPD _b10 _c20130410 _lUCH01 _h0507 |
||
| 590 |
_aBATCH-UPD _b10 _c20130914 _lUCH01 _h0828 |
||
| 590 |
_aCONVERSION _b10 _c20130109 _lUCH01 _h1336 |
||
| 650 | 1 | 4 |
_aCampesinado _xPuebla. _918035 |
| 650 | 1 | 4 |
_aCampesinado _xVeracruz. _918047 |
| 650 | 1 | 4 |
_aMovimientos sociales. _979169 |
| 700 | 0 |
_aMagnón Basnier, Catherine. _969862 |
|
| 901 | _aBK | ||
| 942 | _cFOLL | ||
| 949 |
_bBC _cFOLL _d-149658 _eTS1 _i75896 _si |
||
| 949 |
_bZA _cTESBD _d-8898 _eTS1 _h185 _i75896 _si |
||
| 999 |
_c65939 _d65939 |
||